000 00263nam a2200109Ia 4500
008 220204s9999 xx 000 0 und d
082 _a62.002.2
_bDAN
100 _aDanilevsky, V
245 0 _aManufacturing engineering
260 _aMoscow
_bMir
_c1973
942 _cBK
999 _c24150
_d24150